| 000 | 00641nam a22002177a 4500 | ||
|---|---|---|---|
| 003 | UA-OsUOA | ||
| 001 | 103896 | ||
| 007 | ta | ||
| 008 | 20131125b un ||||| |||| 00| 0 ukr d | ||
| 090 |
_a821.161.1 _bН50 |
||
| 942 | _cBK | ||
| 040 |
_aUA-OsUOA _brus _cUA-OsUOA _dUA-OsUOA |
||
| 245 |
_aНемецкие волшебно-сатирические сказки _cотв. ред. А. В. Федоров |
||
| 300 | _a212 с. | ||
| 955 | _a3 | ||
| 041 | _arus | ||
| 080 | _a821.161.1 | ||
| 260 |
_aЛенинград _bНаука _c1972 |
||
| 650 | 7 |
_a82 Література. Літературознавство _2UDC |
|
| 999 |
_c390510 _d390510 |
||